书目信息 |
| 题名: |
再论不平等
|
|
| 作者: | 森 著 ;王利文 , 于占杰 译 | |
| 分册: | ||
| 出版信息: | 北京 中国人民大学出版社 2016 |
|
| 页数: | 251页 | |
| 开本: | 24cm | |
| 丛书名: | ||
| 单 册: | ||
| 中图分类: | F036 | |
| 科图分类: | ||
| 主题词: | 平等(经济学)--ping deng (jing ji xue )--研究 | |
| 电子资源: | ||
| ISBN: | 978-7-300-22359-9 | |
| 000 | 01093nam0 22002771 450 | |
| 001 | 0119171305 | |
| 005 | 20170619171305.0 | |
| 010 | @a978-7-300-22359-9@b精装@dCNY56.00 | |
| 100 | @a20160429d2016 em y0chiy50 ea | |
| 101 | 1 | @achi@ceng |
| 102 | @aCN@b110000 | |
| 105 | @ay z 001yy | |
| 106 | @ar | |
| 200 | 1 | @a再论不平等@9zai lun bu ping deng@dInequality reexamined@f(印)阿马蒂亚·森(Amartya Sen)著@g王利文,于占杰译@zeng |
| 210 | @a北京@c中国人民大学出版社@d2016 | |
| 215 | @a251页@d24cm | |
| 305 | @a由牛津大学出版社授权出版 | |
| 330 | @a本书介绍了不同的主张及其支撑其主张的理由,并对其进行了深入的分析,并探讨了平等的一般特征。本书集中关注了可获得有价值生活内容的能力的平等,并探求评估社会制度设计上是否要追求“公平的正义”的分析方法。 | |
| 510 | 1 | @aInequality reexamined@zeng |
| 606 | 0 | @a平等(经济学)@9ping deng (jing ji xue )@x研究 |
| 690 | @aF036@v5 | |
| 701 | 0 | @c(印)@a森@9sen@c(Sen, Amartya@f1933~)@4著 |
| 702 | 0 | @a王利文@9wang li wen@c(管理)@4译 |
| 702 | 0 | @a于占杰@9yu zhan jie@4译 |
| 801 | 0 | @aCN@b百万庄@c20170617 |
| 905 | @b1012335-40@dF036@e63@f6 | |
| 再论不平等=Inequality reexamined/(印)阿马蒂亚·森(Amartya Sen)著/王利文,于占杰译.-北京:中国人民大学出版社,2016 |
| 251页;24cm |
| ISBN 978-7-300-22359-9(精装):CNY56.00 |
| 本书介绍了不同的主张及其支撑其主张的理由,并对其进行了深入的分析,并探讨了平等的一般特征。本书集中关注了可获得有价值生活内容的能力的平等,并探求评估社会制度设计上是否要追求“公平的正义”的分析方法。 |
| ● |
| 相关链接 |
|
|
|
|
正题名:再论不平等
索取号:F036/63
 
预约/预借
| 序号 | 登录号 | 条形码 | 馆藏地/架位号 | 状态 | 备注 |
| 1 | 1012335 | 210123356 | 第一样本阅览室/ [索取号:F036/63] | 在馆 | |
| 2 | 1012336 | 210123365 | 教育系资料室/ [索取号:F036/63] | 在馆 | |
| 3 | 1012337 | 210123374 | 教育系资料室/ [索取号:F036/63] | 在馆 | |
| 4 | 1012338 | 210123383 | 教育系资料室/ [索取号:F036/63] | 在馆 | |
| 5 | 1012339 | 210123392 | 第一借阅区/ [索取号:F036/63] | 在馆 | |
| 6 | 1012340 | 210123409 | 第一借阅区/ [索取号:F036/63] | 在馆 |